| 000 | 01017nmm a2200313 a 4500 | ||
|---|---|---|---|
| 001 | ocm0002145898 | ||
| 003 | TR-IsHL | ||
| 005 | 20201028184342.0 | ||
| 008 | 181217s2017 tu tur | ||
| 007 | cr cn | ||
| 020 | _a9786059641180 | ||
| 035 |
_a2145898 _b(N$T) |
||
| 050 | 0 | 4 |
_aPS572.R35 _bM4619 2017 |
| 090 | 0 | 4 |
_aPS572.R35 _bM4619 2017 |
| 100 | 1 | _aDrake, J. L. | |
| 245 | 1 | 0 |
_aOnarılmış _h[electronic resource] / _cJ. L. Drake ; çeviri : Başak Bekişli ; editör Gökçe Yenici |
| 250 | _a1. baskı. | ||
| 260 |
_aİstanbul : _bAspendos Yayıncılık, _c2017 |
||
| 300 | _a264 p. | ||
| 500 | _aÖzgün adı: Mended. | ||
| 650 | 4 | _aDil ve Edebiyat | |
| 650 | 4 | _aLanguage and Literature | |
| 650 | 0 | _aAmerikan romanı | |
| 650 | 0 | _aAmerican fiction | |
| 650 | 7 |
_aLITERARY COLLECTIONS / American / General _2bisacsh |
|
| 700 | 1 | _aBekişli, Başak | |
| 700 | 1 | _aYenici, Gökçe | |
| 856 | 4 | 0 | _uhttp://search.ebscohost.com/login.aspx?direct=true&scope=site&db=e011xww&AN=2145898 |
| 999 |
_c20957 _d20957 |
||